00318nam a22001097a 4500008004100000082001300041110000700054245009200061260002300153300000900176440002300185230620b xxu||||| |||| 00| 0 eng d a323bUNI bUN aStudy on the rights of persons belonging to Ethnic, Religious and Linguistic Minorities aNew yorkbUNc1991 a114p vvolume 2x02552353